000 02869cam a2200649Ia 4500
003 PE-LiUPU
005 20250731170426.0
008 190131s2002 sp r 001 0 spa d
020 _a8480045213
020 _a9788480045216
035 _a(Sirsi) i9788480045216
040 _aPE-LiUPU
_bspa
_cPE-LiUPU
_erda
049 _aPRUA
082 0 4 _a150
_bM26
_220
100 1 _aMartorell, José Luis,
_eautor.
245 1 0 _aFundamentos de psicología /
_cJosé Luis Martorell, José Luis Prieto.
264 1 _aMadrid :
_bCentro de Estudios Ramón Areces,
_c2002.
300 _axii, 290 páginas ;
_c24 centímetros.
336 _atext
_2rdacontent
337 _aunmediated
_2rdamedia
338 _avolume
_2rdacarrier
490 _aPsicología
504 _aBibliografía: páginas 279-288.
505 0 _aEl conocimiento psicológico -- Introducción a la psicología -- Los antecedentes de la psicología científica -- El objeto de la psicología científica -- El método científico de la psicología -- Teorías y modelos psicológicos -- La fundación de la psicología: estructuralismo y funcionalismo -- El psicoanálisis -- El conductismo -- El cognitivismo -- La psicología humanista -- El constructivismo -- Procesos psicológicos y personalidad -- Los procesos psicológicos -- La personalidad -- Psicología aplicada -- Los tratamientos psicológicos -- La psicología en la organización, en la educación y en otros ámbitos
526 _aSEG68
526 _aSEG70
526 _aSEG69
526 _aSEG67
526 _aSEG43
526 _aP144
526 _aP143
526 _aP131
526 _aP122
526 _aP120
526 _aP117
526 _aP112
526 _aP110
526 _aP106
526 _aP101
526 _aP80
526 _aP59
526 _aP54
526 _aP35
526 _aP33
526 _aP30
541 _gF002-00000796;
650 4 _aPsicología.
_95567
700 1 _aPrieto, José Luis,
_eautor.
910 _adbm
_bjpc
_cjpc
_d20190131
942 _2ddc
_cBOOK
949 _a150 M26
_wDEWEY
_c1
_i79688
_lCATALOGING
_mBUL
_p54.50
_r0
_sY
_tBOOK
_u2019-01-31
_xSALUD
_zP33
_0COMPRA
_o.STAFF. Colección General
949 _a150 M26
_wDEWEY
_c2
_i79689
_lCATALOGING
_mBUL
_p54.50
_r0
_sY
_tBOOK
_u2019-01-31
_xSALUD
_zP33
_0COMPRA
_o.STAFF. Colección General
994 _aC0
_bPEPRU
596 _a1
999 _a150 M26
_wDEWEY
_c30939
_i79688
_d30939
_e2022-7-10
_f2021-11-3
_g3
_lCCODEBUL1
_mBUL
_n8
_p54.50
_q5
_r0
_sY
_tBOOK
_u2019-1-31
_xSALUD
_zP33
_0COMPRA
_1FCOMPR2
_o.STAFF. Colección General
999 _a150 M26
_wDEWEY
_c2
_i79689
_d2022-7-18
_e2022-7-13
_f2021-11-3
_g3
_lCCODEBUL1
_mBUL
_n4
_p54.50
_q7
_r0
_sY
_tBOOK
_u2019-2-6
_xSALUD
_zP33
_0COMPRA
_1FCOMPR2
_o.STAFF. Colección Ciencias de la Salud
980 _81
_gALBERTO SANCHEZ Responsable de Automatización